[Event "DEM U14 2023"]
[Site "Willingen GER"]
[Date "2023.05.31"]
[Round "6"]
[White "Sickmann, Lisa"]
[Black "Chugunov, Ivan"]
[Result "0-1"]
[Termination "normal"]
[Board "11"]
[WhiteElo "1892"]
[BlackElo "1670"]
[WhiteClock "00:26:05"]
[BlackClock "00:03:44"]
[PlyCount "125"]
[WhiteFideId "16267818"]
[BlackFideId "16256808"]
[EventCountry "GER"]
[EventRounds "9"]
[EventType "swiss"]
[EventDate "2023.05.27"]

1. e4 {[%clk 01:30:58]} {[%emt 00:00:01]} c5 {[%clk 01:30:49]} {[%emt
00:00:11]} 2. Nf3 {[%clk 01:31:25]} {[%emt 00:00:04]} e6 {[%clk 01:31:13]}
{[%emt 00:00:05]} 3. d4 {[%clk 01:31:50]} {[%emt 00:00:05]} cxd4 {[%clk
01:31:35]} {[%emt 00:00:09]} 4. Nxd4 {[%clk 01:32:07]} {[%emt 00:00:13]} Nc6
{[%clk 01:31:57]} {[%emt 00:00:08]} 5. Nc3 {[%clk 01:32:21]} {[%emt 00:00:16]}
Qc7 {[%clk 01:32:06]} {[%emt 00:00:21]} 6. Be3 {[%clk 01:31:24]} {[%emt
00:01:27]} a6 {[%clk 01:31:37]} {[%emt 00:00:58]} 7. Be2 {[%clk 01:29:28]}
{[%emt 00:02:26]} Nf6 {[%clk 01:31:10]} {[%emt 00:00:57]} 8. O-O {[%clk
01:29:46]} {[%emt 00:00:13]} b5 {[%clk 01:31:27]} {[%emt 00:00:13]} 9. a3
{[%clk 01:29:48]} {[%emt 00:00:29]} Bb7 {[%clk 01:29:06]} {[%emt 00:02:50]} 10.
f4 {[%clk 01:27:29]} {[%emt 00:02:48]} d6 {[%clk 01:25:59]} {[%emt 00:03:37]}
11. f5 {[%clk 01:21:46]} {[%emt 00:06:13]} Nxd4 {[%clk 01:17:19]} {[%emt
00:09:10]} 12. Qxd4 {[%clk 01:20:35]} {[%emt 00:01:40]} Be7 {[%clk 01:16:19]}
{[%emt 00:01:32]} 13. Bf3 {[%clk 01:10:54]} {[%emt 00:10:11]} O-O {[%clk
01:13:17]} {[%emt 00:03:32]} 14. g4 {[%clk 01:08:29]} {[%emt 00:02:54]} Nd7
{[%clk 01:12:07]} {[%emt 00:01:41]} 15. g5 {[%clk 01:04:47]} {[%emt 00:04:11]}
Ne5 {[%clk 01:11:13]} {[%emt 00:01:25]} 16. Bg2 {[%clk 00:58:18]} {[%emt
00:06:58]} Rfe8 {[%clk 00:46:49]} {[%emt 00:24:54]} 17. f6 {[%clk 00:51:22]}
{[%emt 00:07:26]} Bf8 {[%clk 00:42:03]} {[%emt 00:05:17]} 18. Rad1 {[%clk
00:51:10]} {[%emt 00:00:41]} Ng4 {[%clk 00:40:53]} {[%emt 00:01:40]} 19. h3
{[%clk 00:50:24]} {[%emt 00:01:17]} Nxe3 {[%clk 00:39:36]} {[%emt 00:01:46]}
20. Qxe3 {[%clk 00:50:51]} {[%emt 00:00:03]} d5 {[%clk 00:37:35]} {[%emt
00:02:31]} 21. Kh1 {[%clk 00:49:09]} {[%emt 00:02:13]} g6 {[%clk 00:31:09]}
{[%emt 00:06:56]} 22. e5 {[%clk 00:45:11]} {[%emt 00:04:28]} Rac8 {[%clk
00:19:38]} {[%emt 00:12:01]} 23. Rd2 {[%clk 00:41:24]} {[%emt 00:04:16]} d4
{[%clk 00:13:58]} {[%emt 00:06:10]} 24. Qxd4 {[%clk 00:37:07]} {[%emt
00:04:47]} Red8 {[%clk 00:13:47]} {[%emt 00:00:41]} 25. Qe3 {[%clk 00:32:40]}
{[%emt 00:04:57]} Rxd2 {[%clk 00:13:40]} {[%emt 00:00:38]} 26. Qxd2 {[%clk
00:32:45]} {[%emt 00:00:24]} Bxg2+ {[%clk 00:13:54]} {[%emt 00:00:16]} 27. Kxg2
{[%clk 00:32:05]} {[%emt 00:01:10]} Qxe5 {[%clk 00:13:59]} {[%emt 00:00:25]}
28. Re1 {[%clk 00:30:49]} {[%emt 00:01:45]} Qf5 {[%clk 00:11:16]} {[%emt
00:03:13]} 29. Ne4 {[%clk 00:28:08]} {[%emt 00:03:11]} Rc4 {[%clk 00:04:19]}
{[%emt 00:07:28]} 30. Qd3 {[%clk 00:26:42]} {[%emt 00:01:55]} h5 {[%clk
00:03:08]} {[%emt 00:01:40]} 31. c3 {[%clk 00:24:14]} {[%emt 00:02:58]} Qe5
{[%clk 00:01:32]} {[%emt 00:02:07]} 32. Re2 {[%clk 00:21:32]} {[%emt 00:03:11]}
Kh7 {[%clk 00:00:57]} {[%emt 00:01:07]} 33. b3 {[%clk 00:19:51]} {[%emt
00:02:11]} Rc6 {[%clk 00:00:47]} {[%emt 00:00:40]} 34. a4 {[%clk 00:19:25]}
{[%emt 00:00:56]} bxa4 {[%clk 00:00:50]} {[%emt 00:00:27]} 35. bxa4 {[%clk
00:19:46]} {[%emt 00:00:08]} Qd5 {[%clk 00:00:57]} {[%emt 00:00:23]} 36. Re3
{[%clk 00:15:10]} {[%emt 00:05:07]} Qa2+ {[%clk 00:01:09]} {[%emt 00:00:17]}
37. Re2 {[%clk 00:14:31]} {[%emt 00:01:08]} Qxa4 {[%clk 00:00:46]} {[%emt
00:00:54]} 38. Qd7 {[%clk 00:13:38]} {[%emt 00:01:23]} Kg8 {[%clk 00:00:57]}
{[%emt 00:00:20]} 39. Qe8 {[%clk 00:12:30]} {[%emt 00:01:38]} Rc4 {[%clk
00:00:44]} {[%emt 00:00:43]} 40. Qxa4 {[%clk 00:12:34]} {[%emt 00:00:26]} Rxa4
{[%clk 00:01:05]} {[%emt 00:00:09]} 41. Kf3 {[%clk 00:12:22]} {[%emt 00:00:40]}
Ra5 {[%clk 00:30:21]} {[%emt 00:01:15]} 42. Rc2 {[%clk 00:41:51]} {[%emt
00:01:01]} Rf5+ {[%clk 00:21:26]} {[%emt 00:09:25]} 43. Kg3 {[%clk 00:39:32]}
{[%emt 00:02:47]} Bc5 {[%clk 00:19:49]} {[%emt 00:02:08]} 44. h4 {[%clk
00:36:58]} {[%emt 00:03:04]} Bb6 {[%clk 00:17:54]} {[%emt 00:02:26]} 45. Re2
{[%clk 00:31:51]} {[%emt 00:05:37]} Bc7+ {[%clk 00:15:39]} {[%emt 00:02:45]}
46. Kg2 {[%clk 00:31:21]} {[%emt 00:01:00]} Kf8 {[%clk 00:15:29]} {[%emt
00:00:40]} 47. c4 {[%clk 00:29:42]} {[%emt 00:02:09]} Ke8 {[%clk 00:15:12]}
{[%emt 00:00:46]} 48. c5 {[%clk 00:30:04]} {[%emt 00:00:09]} Kd7 {[%clk
00:14:28]} {[%emt 00:01:14]} 49. Rd2+ {[%clk 00:27:12]} {[%emt 00:03:22]} Rd5
{[%clk 00:14:32]} {[%emt 00:00:27]} 50. Ra2 {[%clk 00:26:26]} {[%emt 00:01:16]}
a5 {[%clk 00:14:38]} {[%emt 00:00:22]} 51. Kf3 {[%clk 00:26:00]} {[%emt
00:00:57]} Rd3+ {[%clk 00:13:18]} {[%emt 00:01:50]} 52. Ke2 {[%clk 00:26:00]}
{[%emt 00:00:29]} Rh3 {[%clk 00:12:08]} {[%emt 00:01:41]} 53. Rd2+ {[%clk
00:25:50]} {[%emt 00:00:40]} Kc6 {[%clk 00:12:16]} {[%emt 00:00:21]} 54. Rd1
{[%clk 00:25:45]} {[%emt 00:00:35]} Rxh4 {[%clk 00:10:30]} {[%emt 00:02:17]}
55. Nd6 {[%clk 00:25:48]} {[%emt 00:00:27]} Bxd6 {[%clk 00:10:25]} {[%emt
00:00:35]} 56. Rxd6+ {[%clk 00:25:46]} {[%emt 00:00:32]} Kc7 {[%clk 00:10:38]}
{[%emt 00:00:18]} 57. Ra6 {[%emt 00:00:09]} Rb4 {[%clk 00:06:40]} {[%emt
00:04:25]} 58. Rxa5 {[%clk 00:26:06]} {[%emt 00:00:33]} Kc6 {[%clk 00:04:16]}
{[%emt 00:02:54]} 59. Ra8 {[%clk 00:26:11]} {[%emt 00:00:25]} Kxc5 {[%clk
00:03:29]} {[%emt 00:01:17]} 60. Rh8 {[%clk 00:25:45]} {[%emt 00:00:56]} Rb7
{[%clk 00:03:12]} {[%emt 00:00:48]} 61. Ke3 {[%clk 00:25:57]} {[%emt 00:00:18]}
Kd5 {[%clk 00:03:27]} {[%emt 00:00:14]} 62. Rh7 {[%clk 00:26:05]} {[%emt
00:00:22]} Ke5 {[%clk 00:03:44]} {[%emt 00:00:13]} 63. Kd4+ {[%emt 00:00:46]}
0-1

[Event "DEM U14 2023"]
[Site "Willingen GER"]
[Date "2023.05.31"]
[Round "6"]
[White "Birkenheier, Nicolas"]
[Black "Haubold, Christian Lucas"]
[Result "0-1"]
[Termination "normal"]
[Board "12"]
[WhiteElo "1550"]
[BlackElo "1949"]
[WhiteClock "00:01:06"]
[BlackClock "00:04:34"]
[PlyCount "90"]
[WhiteFideId "16287100"]
[BlackFideId "16259629"]
[EventCountry "GER"]
[EventRounds "9"]
[EventType "swiss"]
[EventDate "2023.05.27"]

1. e4 {[%clk 01:30:58]} {[%emt 00:00:02]} e5 {[%clk 01:30:53]} {[%emt
00:00:08]} 2. Nf3 {[%clk 01:31:18]} {[%emt 00:00:09]} Nc6 {[%clk 01:31:15]}
{[%emt 00:00:09]} 3. Bc4 {[%clk 01:31:31]} {[%emt 00:00:15]} Nf6 {[%clk
01:31:30]} {[%emt 00:00:16]} 4. d3 {[%clk 01:31:36]} {[%emt 00:00:24]} Bc5
{[%clk 01:31:38]} {[%emt 00:00:23]} 5. c3 {[%clk 01:31:31]} {[%emt 00:00:35]}
d5 {[%clk 01:31:33]} {[%emt 00:00:36]} 6. exd5 {[%clk 01:31:17]} {[%emt
00:00:44]} Nxd5 {[%clk 01:31:35]} {[%emt 00:00:28]} 7. O-O {[%clk 01:28:17]}
{[%emt 00:03:30]} O-O {[%clk 01:31:09]} {[%emt 00:00:56]} 8. Re1 {[%clk
01:27:46]} {[%emt 00:01:00]} Bg4 {[%clk 01:30:44]} {[%emt 00:00:56]} 9. h3
{[%clk 01:22:48]} {[%emt 00:05:27]} Bh5 {[%clk 01:29:39]} {[%emt 00:01:35]} 10.
Nbd2 {[%clk 01:15:14]} {[%emt 00:08:04]} Nb6 {[%clk 01:28:47]} {[%emt
00:01:22]} 11. Bb5 {[%clk 01:08:06]} {[%emt 00:07:38]} Bd6 {[%clk 01:27:27]}
{[%emt 00:01:50]} 12. Ne4 {[%clk 01:02:19]} {[%emt 00:06:18]} f5 {[%clk
01:23:51]} {[%emt 00:04:06]} 13. Ng3 {[%clk 01:00:29]} {[%emt 00:02:19]} Bxf3
{[%clk 01:22:01]} {[%emt 00:02:21]} 14. Qxf3 {[%clk 00:59:02]} {[%emt
00:01:57]} Qd7 {[%clk 01:19:55]} {[%emt 00:02:36]} 15. Qd1 {[%clk 00:50:07]}
{[%emt 00:09:24]} a6 {[%clk 01:11:59]} {[%emt 00:08:27]} 16. Bxc6 {[%clk
00:41:24]} {[%emt 00:09:12]} Qxc6 {[%clk 01:09:53]} {[%emt 00:02:36]} 17. d4
{[%clk 00:35:22]} {[%emt 00:06:32]} e4 {[%clk 01:00:20]} {[%emt 00:10:03]} 18.
Qc2 {[%clk 00:32:31]} {[%emt 00:03:21]} Rae8 {[%clk 00:57:02]} {[%emt
00:03:48]} 19. Bd2 {[%clk 00:30:46]} {[%emt 00:02:15]} Kh8 {[%clk 00:45:19]}
{[%emt 00:12:13]} 20. b3 {[%clk 00:28:36]} {[%emt 00:02:40]} Re6 {[%clk
00:43:41]} {[%emt 00:02:08]} 21. f4 {[%clk 00:20:06]} {[%emt 00:09:00]} Rg6
{[%clk 00:41:19]} {[%emt 00:02:52]} 22. Kh2 {[%clk 00:18:57]} {[%emt 00:01:36]}
Nd5 {[%clk 00:40:01]} {[%emt 00:01:51]} 23. Qc1 {[%clk 00:18:26]} {[%emt
00:01:00]} Be7 {[%clk 00:35:29]} {[%emt 00:05:04]} 24. Re2 {[%clk 00:16:09]}
{[%emt 00:02:46]} Qf6 {[%clk 00:27:09]} {[%emt 00:08:50]} 25. Qe1 {[%clk
00:13:45]} {[%emt 00:02:54]} Qh4 {[%clk 00:24:39]} {[%emt 00:03:00]} 26. Qf2
{[%clk 00:13:36]} {[%emt 00:00:38]} Qh6 {[%clk 00:17:13]} {[%emt 00:07:57]} 27.
Qf1 {[%clk 00:10:18]} {[%emt 00:03:47]} Bd6 {[%clk 00:10:45]} {[%emt 00:06:59]}
28. c4 {[%clk 00:06:09]} {[%emt 00:04:39]} Nxf4 {[%clk 00:09:24]} {[%emt
00:01:51]} 29. c5 {[%clk 00:05:08]} {[%emt 00:01:30]} Qh4 {[%clk 00:08:55]}
{[%emt 00:00:51]} 30. cxd6 {[%clk 00:03:47]} {[%emt 00:02:00]} Qxg3+ {[%clk
00:09:15]} {[%emt 00:00:10]} 31. Kh1 {[%clk 00:03:51]} {[%emt 00:00:25]} Nxe2
{[%clk 00:08:52]} {[%emt 00:00:54]} 32. Qxe2 {[%clk 00:04:01]} {[%emt
00:00:19]} cxd6 {[%clk 00:07:10]} {[%emt 00:02:13]} 33. Rf1 {[%clk 00:03:38]}
{[%emt 00:00:53]} d5 {[%clk 00:04:32]} {[%emt 00:03:09]} 34. Bf4 {[%clk
00:03:24]} {[%emt 00:00:43]} Qd3 {[%clk 00:03:41]} {[%emt 00:01:21]} 35. Qxd3
{[%clk 00:01:36]} {[%emt 00:02:18]} exd3 {[%clk 00:04:04]} {[%emt 00:00:08]}
36. Rf3 {[%clk 00:01:11]} {[%emt 00:00:54]} Rc8 {[%clk 00:03:58]} {[%emt
00:00:36]} 37. Rxd3 {[%clk 00:00:57]} {[%emt 00:00:44]} Rc2 {[%clk 00:04:00]}
{[%emt 00:00:27]} 38. Re3 {[%clk 00:01:04]} {[%emt 00:00:24]} h6 {[%clk
00:04:17]} {[%emt 00:00:13]} 39. g3 {[%clk 00:01:15]} {[%emt 00:00:19]} Rxa2
{[%clk 00:04:36]} {[%emt 00:00:12]} 40. Re5 {[%clk 00:01:24]} {[%emt 00:00:20]}
Rc6 {[%clk 00:04:44]} {[%emt 00:00:22]} 41. Rxd5 {[%clk 00:00:40]} {[%emt
00:01:14]} Rcc2 {[%clk 00:03:20]} {[%emt 00:01:54]} 42. Be3 {[%clk 00:00:34]}
{[%emt 00:00:37]} Ra1+ {[%clk 00:03:31]} {[%emt 00:00:18]} 43. Bg1 {[%clk
00:00:56]} {[%emt 00:00:07]} Rcc1 {[%clk 00:03:55]} {[%emt 00:00:06]} 44. Rxf5
{[%clk 00:00:41]} {[%emt 00:00:46]} Rxg1+ {[%clk 00:04:17]} {[%emt 00:00:08]}
45. Kh2 {[%clk 00:01:06]} {[%emt 00:00:05]} Rgd1 {[%clk 00:04:34]} {[%emt
00:00:13]} 0-1

[Event "DEM U14 2023"]
[Site "Willingen GER"]
[Date "2023.05.31"]
[Round "6"]
[White "Burkart, Lloyd Shang"]
[Black "Mohammadzadeh, Daris"]
[Result "1-0"]
[Termination "normal"]
[Board "13"]
[WhiteElo "1956"]
[BlackElo "1639"]
[WhiteClock "00:15:05"]
[BlackClock "00:18:58"]
[PlyCount "107"]
[WhiteFideId "16239059"]
[BlackFideId "34604359"]
[EventCountry "GER"]
[EventRounds "9"]
[EventType "swiss"]
[EventDate "2023.05.27"]

1. d4 {[%clk 01:30:57]} {[%emt 00:00:02]} Nf6 {[%clk 01:30:49]} {[%emt
00:00:13]} 2. c4 {[%clk 01:31:15]} {[%emt 00:00:11]} e6 {[%clk 01:31:13]}
{[%emt 00:00:06]} 3. g3 {[%clk 01:30:59]} {[%emt 00:00:45]} Bb4+ {[%clk
01:31:09]} {[%emt 00:00:34]} 4. Bd2 {[%clk 01:30:50]} {[%emt 00:00:40]} c5
{[%clk 01:30:47]} {[%emt 00:00:52]} 5. Bxb4 {[%clk 01:30:04]} {[%emt 00:01:15]}
cxb4 {[%clk 01:31:06]} {[%emt 00:00:11]} 6. Bg2 {[%clk 01:29:18]} {[%emt
00:01:17]} O-O {[%clk 01:30:45]} {[%emt 00:00:51]} 7. Nf3 {[%clk 01:28:00]}
{[%emt 00:01:48]} a5 {[%clk 01:28:28]} {[%emt 00:02:48]} 8. O-O {[%clk
01:25:28]} {[%emt 00:03:01]} b6 {[%clk 01:25:20]} {[%emt 00:03:38]} 9. a3
{[%clk 01:16:37]} {[%emt 00:09:21]} bxa3 {[%clk 01:22:52]} {[%emt 00:02:58]}
10. bxa3 {[%clk 01:16:39]} {[%emt 00:00:27]} Ba6 {[%clk 01:18:39]} {[%emt
00:04:43]} 11. Qb3 {[%clk 01:11:55]} {[%emt 00:05:14]} Ra7 {[%clk 01:10:54]}
{[%emt 00:08:16]} 12. Rc1 {[%clk 01:05:47]} {[%emt 00:06:37]} d5 {[%clk
01:06:23]} {[%emt 00:05:01]} 13. cxd5 {[%clk 00:49:08]} {[%emt 00:17:10]} exd5
{[%clk 01:04:16]} {[%emt 00:02:37]} 14. e3 {[%clk 00:47:14]} {[%emt 00:02:23]}
Bc4 {[%clk 00:53:30]} {[%emt 00:11:16]} 15. Qb2 {[%clk 00:46:23]} {[%emt
00:01:21]} Nc6 {[%clk 00:52:23]} {[%emt 00:01:37]} 16. Nc3 {[%clk 00:42:59]}
{[%emt 00:03:54]} a4 {[%clk 00:45:46]} {[%emt 00:07:08]} 17. Nd2 {[%clk
00:38:33]} {[%emt 00:04:56]} Na5 {[%clk 00:43:51]} {[%emt 00:02:25]} 18. Nxa4
{[%clk 00:36:23]} {[%emt 00:02:40]} Nb3 {[%clk 00:38:53]} {[%emt 00:05:28]} 19.
Nxb3 {[%clk 00:35:55]} {[%emt 00:00:58]} Rxa4 {[%clk 00:39:12]} {[%emt
00:00:10]} 20. Nd2 {[%clk 00:32:57]} {[%emt 00:03:28]} b5 {[%clk 00:37:13]}
{[%emt 00:02:30]} 21. Nb3 {[%clk 00:23:56]} {[%emt 00:09:31]} Nd7 {[%clk
00:33:48]} {[%emt 00:03:55]} 22. Nd2 {[%clk 00:15:22]} {[%emt 00:09:04]} Nf6
{[%clk 00:27:53]} {[%emt 00:06:24]} 23. Bf3 {[%clk 00:14:57]} {[%emt 00:00:55]}
Ra6 {[%clk 00:20:16]} {[%emt 00:08:06]} 24. a4 {[%clk 00:14:28]} {[%emt
00:01:01]} Rb6 {[%clk 00:14:39]} {[%emt 00:06:06]} 25. axb5 {[%clk 00:13:49]}
{[%emt 00:01:09]} Bxb5 {[%clk 00:13:16]} {[%emt 00:01:53]} 26. Rab1 {[%clk
00:11:29]} {[%emt 00:02:50]} Rb8 {[%clk 00:12:13]} {[%emt 00:01:33]} 27. Rc5
{[%clk 00:08:14]} {[%emt 00:03:45]} Bd3 {[%clk 00:08:28]} {[%emt 00:04:15]} 28.
Qxb8 {[%clk 00:08:31]} {[%emt 00:00:13]} Qxb8 {[%clk 00:08:44]} {[%emt
00:00:14]} 29. Rxb8 {[%clk 00:08:58]} {[%emt 00:00:03]} Rxb8 {[%clk 00:09:04]}
{[%emt 00:00:10]} 30. Bxd5 {[%clk 00:07:06]} {[%emt 00:02:22]} Nxd5 {[%clk
00:08:28]} {[%emt 00:01:06]} 31. Rxd5 {[%clk 00:07:35]} {[%emt 00:00:02]} h6
{[%clk 00:08:39]} {[%emt 00:00:19]} 32. Kg2 {[%clk 00:06:21]} {[%emt 00:01:43]}
Kh7 {[%clk 00:07:33]} {[%emt 00:01:36]} 33. Rc5 {[%clk 00:01:03]} {[%emt
00:05:49]} Rb2 {[%clk 00:06:20]} {[%emt 00:01:42]} 34. Nf3 {[%clk 00:00:56]}
{[%emt 00:00:37]} Rb1 {[%clk 00:02:30]} {[%emt 00:04:21]} 35. Ne5 {[%clk
00:00:49]} {[%emt 00:00:37]} Be4+ {[%clk 00:01:43]} {[%emt 00:01:16]} 36. f3
{[%clk 00:00:54]} {[%emt 00:00:26]} Rb2+ {[%clk 00:02:02]} {[%emt 00:00:11]}
37. Kh3 {[%clk 00:00:41]} Bb7 {[%clk 00:01:25]} {[%emt 00:01:49]} 38. e4 {[%clk
00:00:36]} Ba6 {[%clk 00:01:09]} {[%emt 00:01:22]} 39. d5 {[%clk 00:00:36]} g5
{[%clk 00:00:50]} {[%emt 00:01:19]} 40. Kg4 {[%clk 00:00:38]} Rxh2 {[%clk
00:00:40]} {[%emt 00:01:07]} 41. d6 {[%clk 00:26:36]} Kg7 {[%clk 00:24:44]}
{[%emt 00:10:59]} 42. d7 {[%clk 00:19:29]} Rd2 {[%clk 00:23:12]} {[%emt
00:09:38]} 43. Rd5 {[%clk 00:17:32]} h5+ {[%clk 00:17:51]} {[%emt 00:08:18]}
44. Kxg5 {[%clk 00:16:15]} f6+ {[%clk 00:17:36]} {[%emt 00:02:32]} 45. Kf5
{[%clk 00:15:47]} Bf1 {[%clk 00:17:37]} {[%emt 00:01:27]} 46. Rxd2 {[%clk
00:14:07]} Bh3+ {[%clk 00:17:42]} {[%emt 00:02:35]} 47. Kf4 {[%clk 00:14:04]}
fxe5+ {[%clk 00:17:42]} 48. Kxe5 {[%clk 00:14:04]} Bxd7 {[%clk 00:17:45]}
{[%emt 00:01:44]} 49. Rxd7+ {[%clk 00:14:36]} Kh8 {[%clk 00:18:04]} {[%emt
00:00:24]} 50. Kf6 {[%clk 00:14:28]} h4 {[%clk 00:18:27]} {[%emt 00:00:46]} 51.
Kg6 {[%clk 00:14:26]} Kg8 {[%clk 00:18:45]} {[%emt 00:00:44]} 52. e5 {[%clk
00:14:41]} Kf8 {[%clk 00:18:41]} {[%emt 00:00:49]} 53. e6 {[%clk 00:14:44]} Kg8
{[%clk 00:18:58]} {[%emt 00:00:40]} 54. Rd8# {[%clk 00:15:05]} 1-0

[Event "DEM U14 2023"]
[Site "Willingen GER"]
[Date "2023.05.31"]
[Round "6"]
[White "Jahnz, Laurin"]
[Black "Blodig, Vincent"]
[Result "1/2-1/2"]
[Termination "normal"]
[Board "14"]
[WhiteElo "1896"]
[BlackElo "1580"]
[WhiteClock "00:30:24"]
[BlackClock "00:13:58"]
[PlyCount "115"]
[WhiteFideId "16261089"]
[BlackFideId "16297857"]
[EventCountry "GER"]
[EventRounds "9"]
[EventType "swiss"]
[EventDate "2023.05.27"]

1. Nf3 {[%clk 01:30:57]} {[%emt 00:00:02]} d5 {[%clk 01:30:47]} {[%emt
00:00:13]} 2. g3 {[%clk 01:31:24]} {[%emt 00:00:03]} Nd7 {[%clk 01:31:07]}
{[%emt 00:00:10]} 3. Bg2 {[%clk 01:31:48]} {[%emt 00:00:06]} e5 {[%clk
01:31:28]} {[%emt 00:00:09]} 4. d3 {[%clk 01:32:12]} {[%emt 00:00:07]} Ngf6
{[%clk 01:31:22]} {[%emt 00:00:34]} 5. O-O {[%clk 01:31:32]} {[%emt 00:01:11]}
Bd6 {[%clk 01:31:28]} {[%emt 00:00:23]} 6. Re1 {[%clk 01:31:42]} {[%emt
00:00:20]} O-O {[%clk 01:31:29]} {[%emt 00:00:29]} 7. e4 {[%clk 01:31:28]}
{[%emt 00:00:45]} c6 {[%clk 01:31:23]} {[%emt 00:00:36]} 8. Nbd2 {[%clk
01:31:49]} {[%emt 00:00:09]} Qb6 {[%clk 01:31:11]} {[%emt 00:00:41]} 9. h3
{[%clk 01:31:27]} {[%emt 00:00:54]} Re8 {[%clk 01:24:01]} {[%emt 00:07:39]} 10.
c3 {[%clk 01:30:21]} {[%emt 00:01:36]} a5 {[%clk 01:23:18]} {[%emt 00:01:12]}
11. a4 {[%clk 01:30:01]} {[%emt 00:00:51]} Nc5 {[%clk 01:20:59]} {[%emt
00:02:48]} 12. Qc2 {[%clk 01:30:20]} {[%emt 00:00:12]} dxe4 {[%clk 01:20:32]}
{[%emt 00:00:58]} 13. Nxe4 {[%clk 01:28:29]} {[%emt 00:02:20]} Nfxe4 {[%clk
01:19:44]} {[%emt 00:01:18]} 14. dxe4 {[%clk 01:28:57]} {[%emt 00:00:02]} Be6
{[%clk 01:19:47]} {[%emt 00:00:26]} 15. Be3 {[%clk 01:23:13]} {[%emt 00:06:14]}
Qb3 {[%clk 01:18:55]} {[%emt 00:01:22]} 16. Qxb3 {[%clk 01:22:46]} {[%emt
00:00:58]} Bxb3 {[%clk 01:18:40]} {[%emt 00:00:45]} 17. Bxc5 {[%clk 01:23:09]}
{[%emt 00:00:07]} Bxc5 {[%clk 01:18:56]} {[%emt 00:00:13]} 18. Nd2 {[%clk
01:22:08]} {[%emt 00:01:32]} Be6 {[%clk 01:19:17]} {[%emt 00:00:09]} 19. Bf1
{[%clk 01:18:50]} {[%emt 00:03:47]} Red8 {[%clk 01:18:30]} {[%emt 00:01:18]}
20. Nc4 {[%clk 01:15:52]} {[%emt 00:03:28]} f6 {[%clk 01:16:32]} {[%emt
00:02:28]} 21. Rad1 {[%clk 01:08:42]} {[%emt 00:07:39]} b6 {[%clk 01:16:24]}
{[%emt 00:00:38]} 22. Kg2 {[%clk 01:08:13]} {[%emt 00:00:59]} Kf8 {[%clk
01:16:38]} {[%emt 00:00:16]} 23. Kf3 {[%clk 00:59:39]} {[%emt 00:09:05]} Ke7
{[%clk 01:15:07]} {[%emt 00:02:00]} 24. Kg2 {[%clk 00:59:25]} {[%emt 00:00:44]}
g6 {[%clk 01:08:01]} {[%emt 00:07:36]} 25. Rxd8 {[%clk 00:49:52]} {[%emt
00:10:04]} Kxd8 {[%clk 01:07:35]} {[%emt 00:00:56]} 26. Rd1+ {[%clk 00:48:32]}
{[%emt 00:01:50]} Kc7 {[%clk 01:07:50]} {[%emt 00:00:14]} 27. Be2 {[%clk
00:42:20]} {[%emt 00:06:43]} h5 {[%clk 01:03:32]} {[%emt 00:04:48]} 28. h4
{[%clk 00:36:57]} {[%emt 00:05:53]} b5 {[%clk 00:51:17]} {[%emt 00:12:45]} 29.
axb5 {[%clk 00:36:08]} {[%emt 00:01:18]} cxb5 {[%clk 00:51:29]} {[%emt
00:00:19]} 30. Na3 {[%clk 00:36:17]} {[%emt 00:00:21]} Bxa3 {[%clk 00:51:38]}
{[%emt 00:00:21]} 31. bxa3 {[%clk 00:36:42]} {[%emt 00:00:05]} Bd7 {[%clk
00:50:53]} {[%emt 00:01:15]} 32. Kf3 {[%clk 00:33:14]} {[%emt 00:03:58]} Rb8
{[%clk 00:45:56]} {[%emt 00:05:27]} 33. Ke3 {[%clk 00:32:51]} {[%emt 00:00:53]}
Kc6 {[%clk 00:45:30]} {[%emt 00:00:56]} 34. Rb1 {[%clk 00:31:07]} {[%emt
00:02:14]} Kc5 {[%clk 00:43:53]} {[%emt 00:02:07]} 35. Rb2 {[%clk 00:25:16]}
{[%emt 00:06:21]} Be6 {[%clk 00:43:29]} {[%emt 00:00:54]} 36. Rd2 {[%clk
00:25:25]} {[%emt 00:00:21]} Bc4 {[%clk 00:28:30]} {[%emt 00:15:30]} 37. Bd1
{[%clk 00:25:24]} {[%emt 00:00:30]} Be6 {[%clk 00:13:56]} {[%emt 00:15:04]} 38.
Be2 {[%clk 00:25:48]} {[%emt 00:00:06]} Rc8 {[%clk 00:14:00]} {[%emt 00:00:26]}
39. Rb2 {[%clk 00:19:19]} {[%emt 00:06:59]} Bc4 {[%clk 00:13:59]} {[%emt
00:00:30]} 40. Bd1 {[%clk 00:19:43]} {[%emt 00:00:06]} Rd8 {[%clk 00:12:58]}
{[%emt 00:01:32]} 41. Rd2 {[%clk 00:19:48]} {[%emt 00:00:25]} Rxd2 {[%clk
00:12:30]} {[%emt 00:00:58]} 42. Kxd2 {[%clk 00:20:14]} {[%emt 00:00:04]} a4
{[%clk 00:12:21]} {[%emt 00:00:39]} 43. Bc2 {[%clk 00:17:32]} {[%emt 00:03:12]}
Bf1 {[%clk 00:10:22]} {[%emt 00:02:29]} 44. Ke1 {[%clk 00:17:55]} {[%emt
00:00:06]} Kc4 {[%clk 00:22:28]} {[%emt 00:18:24]} 45. Kxf1 {[%clk 00:25:37]}
{[%emt 00:22:49]} Kxc3 {[%clk 00:22:50]} {[%emt 00:00:08]} 46. Bb1 {[%clk
00:26:05]} {[%emt 00:00:02]} Kb3 {[%clk 00:22:56]} {[%emt 00:00:23]} 47. Bd3
{[%clk 00:26:31]} {[%emt 00:00:04]} b4 {[%clk 00:22:38]} {[%emt 00:00:47]} 48.
axb4 {[%clk 00:26:59]} {[%emt 00:00:04]} Kxb4 {[%clk 00:22:57]} {[%emt
00:00:11]} 49. Bb1 {[%clk 00:26:38]} {[%emt 00:00:51]} Kb3 {[%clk 00:23:16]}
{[%emt 00:00:10]} 50. Ke2 {[%clk 00:27:05]} {[%emt 00:00:03]} a3 {[%clk
00:22:08]} {[%emt 00:01:38]} 51. Kd2 {[%clk 00:27:33]} {[%emt 00:00:03]} Kb2
{[%clk 00:18:11]} {[%emt 00:04:27]} 52. Ba2 {[%clk 00:27:57]} {[%emt 00:00:05]}
Kxa2 {[%clk 00:18:33]} {[%emt 00:00:08]} 53. Kc2 {[%clk 00:28:24]} {[%emt
00:00:03]} f5 {[%clk 00:15:16]} {[%emt 00:03:46]} 54. f3 {[%clk 00:28:47]}
{[%emt 00:00:08]} Ka1 {[%clk 00:15:21]} {[%emt 00:00:25]} 55. Kc1 {[%clk
00:29:02]} {[%emt 00:00:16]} Ka2 {[%clk 00:14:52]} {[%emt 00:00:58]} 56. Kc2
{[%clk 00:29:30]} {[%emt 00:00:03]} Ka1 {[%clk 00:15:09]} {[%emt 00:00:12]} 57.
Kc1 {[%clk 00:29:57]} {[%emt 00:00:03]} Ka2 {[%clk 00:13:58]} {[%emt 00:01:41]}
58. Kc2 {[%clk 00:30:24]} {[%emt 00:00:03]} 1/2-1/2